[Event "VIE-ch U11 Girls"]
[Site "Hanoi"]
[Date "2022.06.14"]
[Round "5"]
[White "Vo, Nguyen Hong Uyen"]
[Black "Duong, Nguyen Ha Phuong"]
[Result "0-1"]
[WhiteElo "2160"]
[BlackElo "2164"]
[PlyCount "76"]
[EventDate "2022.06.11"]
[EventType "swiss"]
[EventRounds "7"]
[EventCountry "VIE"]
[SourceTitle "EXT 2023"]
[Source "ChessBase"]
[SourceDate "2022.10.05"]
[SourceVersion "1"]
[SourceVersionDate "2022.10.05"]
[SourceQuality "1"]

1. e4 c5 2. Nc3 Nc6 3. Bc4 d6 4. h3 Nf6 5. Nf3 e6 6. d3 Bd7 7. Be3 g6 8. Qd2 Qe7 9. Nb5 Rc8 10. Nc3 Na5 11. Bb3 c4 12. dxc4 Nxc4 13. Qc1 Nxe3 14. Qxe3 b6 15. 0-0 Bg7 16. e5 dxe5 17. Nxe5 0-0 18. Nxd7 Nxd7 19. Rad1 Nc5 20. Bc4 Bxc3 21. Qxc3 Rfd8 22. Rxd8+ Rxd8 23. Qf3 Rd6 24. Re1 Kg7 25. Qc3+ Qf6 26. Qg3 Rd2 27. b4 Nd7 28. Bd3 Qc3 29. b5 e5 30. Kh2 Rxd3 31. Qxd3 Qxe1 32. Qxd7 Qxf2 33. Qxa7 Qf4+ 34. Kg1 Qd4+ 35. Kf1 Qc4+ 36. Kg1 Qxb5 37. a4 Qb1+ 38. Kh2 Qxc2 0-1

[Event "VIE-ch U11 Girls"]
[Site "Hanoi"]
[Date "2022.06.13"]
[Round "4"]
[White "Duong, Nguyen Ha Phuong"]
[Black "Nguyen, Pham Minh Thu"]
[Result "1/2-1/2"]
[WhiteElo "2164"]
[BlackElo "2162"]
[PlyCount "92"]
[EventDate "2022.06.11"]
[EventType "swiss"]
[EventRounds "7"]
[EventCountry "VIE"]
[SourceTitle "EXT 2023"]
[Source "ChessBase"]
[SourceDate "2022.10.05"]
[SourceVersion "1"]
[SourceVersionDate "2022.10.05"]
[SourceQuality "1"]

1. e4 e5 2. Nf3 Nc6 3. Bb5 a6 4. Bxc6 dxc6 5. d3 f6 6. h3 Be6 7. Nc3 Bd6 8. Be3 Ne7 9. d4 Qd7 10. Qd2 0-0-0 11. 0-0-0 Ng6 12. dxe5 Bxe5 13. Qxd7+ Rxd7 14. Rxd7 Bxd7 15. Nxe5 Nxe5 16. b3 Rg8 17. Bd4 Ng6 18. Ne2 b6 19. Be3 Re8 20. f3 f5 21. Nc3 b5 22. b4 Nh4 23. Rg1 fxe4 24. fxe4 Ng6 25. Rf1 Rf8 26. Rxf8+ Nxf8 27. Ne2 Be6 28. a3 Nd7 29. Nd4 Bf7 30. Nxc6 Nf6 31. e5 Nd7 32. Bg5 Be6 33. Nd8 Bd5 34. e6 Nf6 35. Bxf6 gxf6 36. Nf7 Bxe6 37. Nh6 f5 38. g4 fxg4 39. Nxg4 Bxg4 40. hxg4 Kd7 41. Kd2 Kd6 42. Ke3 c5 43. Ke4 cxb4 44. axb4 Ke6 45. g5 Ke7 46. Kf5 Kf7 1/2-1/2